[Event "Salon de Provence op 5th"]
[Site "Salon de Provence"]
[Date "2014.07.11"]
[Round "7"]
[White "Joubert, Leo"]
[Black "Nguyen, Patrick"]
[Result "1-0"]
[WhiteElo "1790"]
[BlackElo "1667"]
[PlyCount "61"]
[EventDate "2014.07.05"]
[EventType "swiss"]
[EventRounds "9"]
[EventCountry "FRA"]
[SourceTitle "EXT 2015"]
[Source "ChessBase"]
[SourceDate "2014.11.20"]
[SourceVersion "1"]
[SourceVersionDate "2014.11.20"]
[SourceQuality "1"]

1. c4 c6 2. g3 d5 3. Nf3 Bf5 4. Bg2 e6 5. 0-0 Nd7 6. d4 Bd6 7. Nbd2 Ngf6 8. Nh4 Bg6 9. Nxg6 hxg6 10. e4 dxe4 11. Nxe4 Nxe4 12. Bxe4 Nf6 13. Bg2 Qa5 14. Bd2 Qh5 15. Qxh5 Rxh5 16. b4 0-0-0 17. Bc3 Rdh8 18. h3 g5 19. a4 g4 20. h4 g5 21. hxg5 Rxg5 22. d5 Be5 23. Bxe5 Rxe5 24. dxc6 bxc6 25. Bxc6 Kc7 26. Bg2 Re2 27. a5 Rd8 28. b5 Rdd2 29. b6+ axb6 30. a6 Ra2 31. a7 1-0

[Event "Salon de Provence op 5th"]
[Site "Salon de Provence"]
[Date "2014.07.05"]
[Round "1"]
[White "Nguyen, Patrick"]
[Black "Rayne, Remy"]
[Result "0-1"]
[WhiteElo "1667"]
[BlackElo "1936"]
[PlyCount "42"]
[EventDate "2014.07.05"]
[EventType "swiss"]
[EventRounds "9"]
[EventCountry "FRA"]
[SourceTitle "EXT 2015"]
[Source "ChessBase"]
[SourceDate "2014.11.20"]
[SourceVersion "1"]
[SourceVersionDate "2014.11.20"]
[SourceQuality "1"]

1. e4 c6 2. d4 d5 3. f3 e5 4. dxe5 Bc5 5. Bd3 Qb6 6. Ne2 Bf2+ 7. Kf1 Bh4 8. Ng3 Ne7 9. Qe2 0-0 10. c3 Nd7 11. Be3 Qc7 12. f4 Nb6 13. Qh5 Ng6 14. Nf5 dxe4 15. Bxe4 Bxf5 16. Bxf5 Nc4 17. Bc5 Be7 18. Bxe7 Qxe7 19. Qe2 Qc5 20. b4 Qe3 21. Bxg6 Qxf4+ 0-1

[Event "Bouches du Rhone-ch 0203"]
[Site "Provence"]
[Date "2002.12.14"]
[Round "4"]
[White "Roux, Philippe"]
[Black "Nguyen, Patrick"]
[Result "1-0"]
[WhiteElo "1960"]
[BlackElo "1830"]
[PlyCount "51"]
[EventDate "2002.10.??"]
[EventType "swiss"]
[EventRounds "9"]
[EventCountry "FRA"]
[SourceTitle "EXT 2005"]
[Source "ChessBase"]
[SourceDate "2004.11.15"]
[SourceVersion "1"]
[SourceVersionDate "2004.11.15"]
[SourceQuality "1"]

1. e4 c6 2. d4 d5 3. Nc3 dxe4 4. f3 e5 5. Be3 Nf6 6. dxe5 Nd5 7. Nxd5 cxd5 8. fxe4 Qh4+ 9. Bf2 Qxe4+ 10. Be2 Nc6 11. Nf3 Nxe5 12. 0-0 Be6 13. Nxe5 Qxe5 14. Bb5+ Kd8 15. Re1 Qc7 16. Qxd5+ Bd6 17. Qg5+ f6 18. Qh5 Qf7 19. Qe2 Bd7 20. Rad1 Re8 21. Rxd6 Rxe2 22. Rxe2 Qh5 23. Rxd7+ Kc8 24. Red2 Qxb5 25. Rd8+ Kc7 26. Bg3+ 1-0

[Event "Bouches du Rhone-ch 0203"]
[Site "Provence"]
[Date "2002.11.23"]
[Round "3"]
[White "Zejneli, Skender"]
[Black "Nguyen, Patrick"]
[Result "1/2-1/2"]
[WhiteElo "2020"]
[BlackElo "1830"]
[PlyCount "98"]
[EventDate "2002.10.??"]
[EventType "swiss"]
[EventRounds "9"]
[EventCountry "FRA"]
[SourceTitle "EXT 2005"]
[Source "ChessBase"]
[SourceDate "2004.11.15"]
[SourceVersion "1"]
[SourceVersionDate "2004.11.15"]
[SourceQuality "1"]

1. e4 c6 2. d4 d5 3. e5 Bf5 4. c4 dxc4 5. Bxc4 e6 6. Nc3 Nd7 7. Nge2 Nb6 8. Bb3 Ne7 9. 0-0 Qd7 10. a4 a5 11. Ng3 Bg6 12. Bc2 Nbd5 13. Bxg6 hxg6 14. Nce4 Nf5 15. Nxf5 gxf5 16. Nc3 Be7 17. Qb3 Rh4 18. Nxd5 cxd5 19. f4 Ra6 20. Bd2 Rc6 21. Bxa5 Qc8 22. Bd2 Kf8 23. Rac1 g6 24. Rxc6 Qxc6 25. Rc1 Qd7 26. g3 Rh8 27. Ba5 Bd8 28. Bxd8 Qxd8 29. Qxb7 Qa5 30. Qb5 Qd2 31. Rc8+ Kg7 32. Rxh8 Kxh8 33. a5 Qxd4+ 34. Kf1 Qd1+ 35. Kg2 Qc2+ 36. Kh3 Kg7 37. a6 g5 38. fxg5 Qd1 39. b3 Qg4+ 40. Kg2 Qe4+ 41. Kf2 Qd4+ 42. Kf1 Qd1+ 43. Kg2 Qc2+ 44. Kh3 Qe4 45. a7 Qg4+ 46. Kg2 Qe4+ 47. Kf1 Qf3+ 48. Ke1 Qe3+ 49. Qe2 Qxa7 1/2-1/2

[Event "FRA-ch op-B"]
[Site "Val d'Isere"]
[Date "2002.08.23"]
[Round "4.2"]
[White "Rolland, Benjamin"]
[Black "Nguyen, Patrick"]
[Result "1-0"]
[WhiteElo "1980"]
[BlackElo "1810"]
[PlyCount "61"]
[EventDate "2002.08.20"]
[EventType "swiss"]
[EventRounds "11"]
[EventCountry "FRA"]
[SourceTitle "EXT 2003"]
[Source "ChessBase"]
[SourceDate "2002.11.25"]
[SourceVersion "1"]
[SourceVersionDate "2002.11.25"]
[SourceQuality "1"]

1. e4 c6 2. d4 d5 3. f3 dxe4 4. fxe4 e5 5. Nf3 Be6 6. c3 Nf6 7. Bd3 exd4 8. cxd4 Be7 9. 0-0 Qb6 10. Qe2 Nbd7 11. Kh1 0-0-0 12. Be3 Qa5 13. Nbd2 Kb8 14. b4 Bxb4 15. Bf4+ Ka8 16. Nb3 Qh5 17. Qc2 Rc8 18. Rfc1 Ba3 19. Rcb1 Nb6 20. Nbd2 Qa5 21. Nb3 Qh5 22. Ne5 Rhd8 23. Nd2 Rxd4 24. Rxb6 axb6 25. Ndc4 Bxc4 26. Qa4+ Ba6 27. Qxd4 Bc5 28. Qa4 Ka7 29. Nxc6+ Rxc6 30. Bxa6 bxa6 31. Qxc6 1-0

[Event "Majeur-chT 0001"]
[Site "France"]
[Date "2001.??.??"]
[Round "6"]
[White "Nguyen, Patrick"]
[Black "Habib, George"]
[Result "1/2-1/2"]
[WhiteElo "1900"]
[BlackElo "1770"]
[PlyCount "32"]
[EventDate "2000.??.??"]
[EventType "team"]
[EventRounds "9"]
[EventCountry "FRA"]
[SourceTitle "EXT 2005"]
[Source "ChessBase"]
[SourceDate "2004.11.15"]
[SourceVersion "1"]
[SourceVersionDate "2004.11.15"]
[SourceQuality "1"]

1. e4 e6 2. d4 d5 3. Nc3 Nf6 4. Bg5 Be7 5. e5 Nfd7 6. Bxe7 Qxe7 7. f4 a6 8. Nf3 c5 9. dxc5 Qxc5 10. Qd2 Nc6 11. Bd3 b5 12. a3 Bb7 13. b4 Qb6 14. Qf2 Rc8 15. Ne2 Qxf2+ 16. Kxf2 Nb6 1/2-1/2

[Event "Provence-ch access Meyreuil 9900"]
[Site "France"]
[Date "2000.??.??"]
[Round "7"]
[White "Mamert, Robert"]
[Black "Nguyen, Patrick"]
[Result "0-1"]
[WhiteElo "1810"]
[BlackElo "1770"]
[PlyCount "50"]
[EventDate "1999.??.??"]
[EventType "tourn"]
[EventRounds "9"]
[EventCountry "FRA"]
[SourceTitle "EXT 2005"]
[Source "ChessBase"]
[SourceDate "2004.11.15"]
[SourceVersion "1"]
[SourceVersionDate "2004.11.15"]
[SourceQuality "1"]

1. b3 d5 2. Bb2 Bg4 3. Nf3 Nd7 4. e3 e6 5. c4 c6 6. Be2 Ngf6 7. 0-0 Bd6 8. d4 0-0 9. Nc3 Qe7 10. cxd5 exd5 11. h3 Bh5 12. Nh4 Bg6 13. Nxg6 fxg6 14. Bf3 Rae8 15. Rc1 Rf7 16. Qe2 Bb8 17. g3 Qf8 18. Bg2 Qe7 19. Rfe1 Ref8 20. Rf1 Nh5 21. g4 Qd6 22. f4 Ng3 23. Qf3 Nxf1 24. Bxf1 g5 25. f5 Qh2# 0-1

[Event "Provence-ch access Meyreuil 9900"]
[Site "France"]
[Date "1999.??.??"]
[Round "1"]
[White "Pierrugues, Laurent"]
[Black "Nguyen, Patrick"]
[Result "1-0"]
[WhiteElo "1850"]
[BlackElo "1770"]
[PlyCount "75"]
[EventDate "1999.??.??"]
[EventType "tourn"]
[EventRounds "9"]
[EventCountry "FRA"]
[SourceTitle "EXT 2005"]
[Source "ChessBase"]
[SourceDate "2004.11.15"]
[SourceVersion "1"]
[SourceVersionDate "2004.11.15"]
[SourceQuality "1"]

1. e4 c6 2. d4 d5 3. e5 Bf5 4. h4 h5 5. c4 dxc4 6. Bxc4 e6 7. Nc3 Nd7 8. Nge2 Nb6 9. Bb3 Ne7 10. Bg5 Qd7 11. Rc1 Ned5 12. a3 Be7 13. Bxe7 Nxe7 14. Ng3 g6 15. Nce4 Bxe4 16. Nxe4 Nbd5 17. Rc5 Kf8 18. Nd6 Nc8 19. Nxc8 Rxc8 20. Bxd5 cxd5 21. Rxc8+ Qxc8 22. 0-0 Qd8 23. g3 g5 24. hxg5 Qxg5 25. Qf3 Kg7 26. Kg2 Rc8 27. Rh1 Kg6 28. Rh4 Rc7 29. Rf4 f5 30. exf6 Kf7 31. Qd3 Qg6 32. Qe3 Rc2 33. Qe5 Rc6 34. Qb8 Qc2 35. Qh8 Qg6 36. Qd8 Qg5 37. Qe7+ Kg6 38. Qg7# 1-0

[Event "Provence-ch Principal 9798"]
[Site "France"]
[Date "1998.??.??"]
[Round "4"]
[White "Didier, Guillaume"]
[Black "Nguyen, Patrick"]
[Result "1-0"]
[WhiteElo "2050"]
[BlackElo "1830"]
[PlyCount "73"]
[EventDate "1997.??.??"]
[EventType "tourn"]
[EventRounds "9"]
[EventCountry "FRA"]
[SourceTitle "EXT 2005"]
[Source "ChessBase"]
[SourceDate "2004.11.15"]
[SourceVersion "1"]
[SourceVersionDate "2004.11.15"]
[SourceQuality "1"]

1. d4 d5 2. c4 c6 3. Nc3 Nf6 4. Nf3 e6 5. g3 dxc4 6. e4 b5 7. e5 Nd5 8. Bg2 Be7 9. 0-0 h6 10. Ne4 Bb7 11. a4 a5 12. b3 c3 13. Qc2 b4 14. Ne1 Nd7 15. Be3 Rc8 16. Nd3 Qc7 17. Rad1 0-0 18. Qe2 Ba6 19. Qg4 Nxe3 20. fxe3 c5 21. Nf6+ Bxf6 22. exf6 g6 23. Be4 Bxd3 24. Bxd3 Kh7 25. h4 Rg8 26. Rf2 Qd8 27. Bc2 Kh8 28. Qf4 Qf8 29. Kh1 cxd4 30. exd4 Nb6 31. Re1 Rd8 32. Re5 Rd5 33. Rxe6 Rf5 34. Bxf5 fxe6 35. Bxe6 g5 36. Qe5 Qb8 37. f7+ 1-0

[Event "Provence-ch Majeur op 9697"]
[Site "France"]
[Date "1996.??.??"]
[Round "1"]
[White "Nguyen, Patrick"]
[Black "Lemiere, Frederic"]
[Result "0-1"]
[WhiteElo "1800"]
[BlackElo "2020"]
[PlyCount "52"]
[EventDate "1996.??.??"]
[EventType "swiss"]
[EventRounds "7"]
[EventCountry "FRA"]
[SourceTitle "EXT 2005"]
[Source "ChessBase"]
[SourceDate "2004.11.15"]
[SourceVersion "1"]
[SourceVersionDate "2004.11.15"]
[SourceQuality "1"]

1. e4 Nf6 2. e5 Nd5 3. d4 d6 4. Nf3 g6 5. Bc4 Nb6 6. Bb3 Bg7 7. Ng5 e6 8. Qf3 Qe7 9. exd6 cxd6 10. c3 h6 11. Ne4 0-0 12. 0-0 Nc6 13. Rd1 d5 14. Ng3 e5 15. dxe5 Nxe5 16. Qe2 Qh4 17. Be3 Nec4 18. Bxb6 Nxb6 19. Bxd5 Nxd5 20. Rxd5 Be6 21. Rd2 Rfe8 22. Qf3 Bg4 23. Qxb7 Re1+ 24. Nf1 Rd8 25. Rxd8+ Qxd8 26. f3 Qd4+ 0-1

[Event "Provence-ch Majeur op 9495"]
[Site "France"]
[Date "1994.??.??"]
[Round "9"]
[White "Nguyen, Patrick"]
[Black "Habib, George"]
[Result "1-0"]
[WhiteElo "1770"]
[BlackElo "1750"]
[PlyCount "59"]
[EventDate "1994.??.??"]
[EventType "swiss"]
[EventRounds "9"]
[EventCountry "FRA"]
[SourceTitle "EXT 2005"]
[Source "ChessBase"]
[SourceDate "2004.11.15"]
[SourceVersion "1"]
[SourceVersionDate "2004.11.15"]
[SourceQuality "1"]

1. e4 e6 2. d4 d5 3. Nc3 Nf6 4. Bg5 Be7 5. e5 Nfd7 6. Bxe7 Qxe7 7. f4 a6 8. Nf3 c5 9. dxc5 Nc6 10. Bd3 Nxc5 11. 0-0 g6 12. Qd2 Bd7 13. a3 Nxd3 14. cxd3 Qd8 15. b4 Qb6+ 16. d4 Na7 17. a4 Rc8 18. Rab1 Qd8 19. Rfc1 0-0 20. f5 f6 21. fxg6 hxg6 22. Qh6 Be8 23. Qh3 Qe7 24. Qg3 Qg7 25. Ne2 Bxa4 26. Rxc8 Rxc8 27. Nf4 Kf7 28. exf6 Qxf6 29. Ne5+ Ke8 30. Rf1 1-0

[Event "Provence-ch Majeur op 9495"]
[Site "France"]
[Date "1994.??.??"]
[Round "1"]
[White "Nguyen, Patrick"]
[Black "Midoux, Sebastien"]
[Result "0-1"]
[WhiteElo "1770"]
[BlackElo "1950"]
[PlyCount "102"]
[EventDate "1994.??.??"]
[EventType "swiss"]
[EventRounds "9"]
[EventCountry "FRA"]
[SourceTitle "EXT 2005"]
[Source "ChessBase"]
[SourceDate "2004.11.15"]
[SourceVersion "1"]
[SourceVersionDate "2004.11.15"]
[SourceQuality "1"]

1. e4 d5 2. exd5 Nf6 3. Bb5+ Nbd7 4. c4 a6 5. Ba4 b5 6. cxb5 Nxd5 7. Nf3 N5b6 8. Bc2 axb5 9. Be4 Rb8 10. Nd4 Ne5 11. Nc6 Nxc6 12. Bxc6+ Bd7 13. Bf3 e6 14. Qe2 c5 15. 0-0 Qc7 16. Nc3 c4 17. d4 b4 18. Nd5 Nxd5 19. Bxd5 Bb5 20. Re1 Be7 21. Be4 0-0 22. Qc2 g6 23. Qd2 Bc6 24. Bxc6 Qxc6 25. d5 Qb6 26. dxe6 fxe6 27. Qe2 Bc5 28. Be3 Bxe3 29. Qxe3 Qxe3 30. Rxe3 Kf7 31. Rae1 Rb6 32. a4 Ra8 33. Re4 Rc8 34. Ra1 c3 35. bxc3 b3 36. a5 b2 37. Rb1 Rb3 38. Ree1 Ra8 39. Kf1 Rxa5 40. c4 Ra4 41. Re2 Ra1 42. Ree1 Rxb1 43. Rxb1 Kf6 44. Ke2 Ke5 45. c5 Kd5 46. c6 Kxc6 47. Kd2 Kc5 48. f4 Kb4 49. Kc2 Ka3 50. g3 Ka2 51. g4 Rc3+ 0-1

[Event "Provence-ch Majeur op 9293"]
[Site "France"]
[Date "1992.??.??"]
[Round "4"]
[White "Madranges, Jean"]
[Black "Nguyen, Patrick"]
[Result "0-1"]
[WhiteElo "1770"]
[BlackElo "1820"]
[PlyCount "70"]
[EventDate "1992.??.??"]
[EventType "swiss"]
[EventRounds "9"]
[EventCountry "FRA"]
[SourceTitle "EXT 2005"]
[Source "ChessBase"]
[SourceDate "2004.11.15"]
[SourceVersion "1"]
[SourceVersionDate "2004.11.15"]
[SourceQuality "1"]

1. c4 c6 2. Nf3 d5 3. d4 Nf6 4. g3 dxc4 5. Bg2 Nbd7 6. 0-0 e6 7. Qc2 Be7 8. Qxc4 0-0 9. Nbd2 Qc7 10. Qc2 e5 11. Nc4 exd4 12. Bf4 Qd8 13. Nxd4 Nd5 14. Bd2 Bf6 15. Nf3 Qe7 16. a3 Re8 17. Rfe1 Qe4 18. Qxe4 Rxe4 19. Nd6 Re6 20. Nxc8 Rxc8 21. e4 N5b6 22. Bh3 Re7 23. e5 Bxe5 24. Bc3 Rce8 25. Nxe5 Nxe5 26. Kg2 Nd5 27. Bd2 Nc4 28. Rxe7 Rxe7 29. Rd1 Nxb2 30. Rb1 Nc4 31. Bc1 b5 32. Kf1 a5 33. Bg2 Rd7 34. Bh3 Rd6 35. Ke2 Nc3+ 0-1

[Event "Provence-ch Majeur op 9293"]
[Site "France"]
[Date "1992.??.??"]
[Round "1"]
[White "Nguyen, Patrick"]
[Black "Sebban, Jean Paul"]
[Result "0-1"]
[WhiteElo "1820"]
[BlackElo "2120"]
[PlyCount "46"]
[EventDate "1992.??.??"]
[EventType "swiss"]
[EventRounds "9"]
[EventCountry "FRA"]
[SourceTitle "EXT 2005"]
[Source "ChessBase"]
[SourceDate "2004.11.15"]
[SourceVersion "1"]
[SourceVersionDate "2004.11.15"]
[SourceQuality "1"]

1. d4 Nf6 2. c4 e5 3. dxe5 Ng4 4. Nf3 Bc5 5. e3 Nc6 6. Be2 0-0 7. 0-0 Ngxe5 8. a3 a5 9. Nc3 Nxf3+ 10. Bxf3 Ne5 11. Be2 Ra6 12. b3 Re8 13. Qc2 Rh6 14. e4 Ree6 15. g3 d6 16. Kg2 Qd7 17. Nd5 Reg6 18. Nf4 Rf6 19. h4 g5 20. Rh1 gxf4 21. Bxf4 Rhg6 22. h5 Rxf4 23. hxg6 Rxf2+ 0-1

[Event "Provence-chA"]
[Site "Provence"]
[Date "1990.??.??"]
[Round "4"]
[White "Refalo, JM."]
[Black "Nguyen, Patrick"]
[Result "0-1"]
[WhiteElo "1750"]
[BlackElo "1780"]
[PlyCount "106"]
[EventDate "1990.??.??"]
[EventType "swiss"]
[EventRounds "7"]
[EventCountry "FRA"]
[SourceTitle "EXT 2005"]
[Source "ChessBase"]
[SourceDate "2004.11.15"]
[SourceVersion "1"]
[SourceVersionDate "2004.11.15"]
[SourceQuality "1"]

1. e4 c6 2. d4 d5 3. exd5 cxd5 4. Bd3 Nc6 5. c3 Nf6 6. Bf4 Bg4 7. Qb3 Qd7 8. Nd2 e6 9. Ngf3 Bxf3 10. Nxf3 Bd6 11. Bg5 Ne4 12. Bxe4 dxe4 13. Nd2 f5 14. g3 Na5 15. Qd1 0-0 16. 0-0 h6 17. Be3 Qe8 18. b4 Nc6 19. Nc4 Bc7 20. Qe2 b5 21. Nd2 Ne7 22. Nb3 Nd5 23. c4 bxc4 24. Qxc4 f4 25. Bxf4 Bxf4 26. gxf4 Nxf4 27. Kh1 Qg6 28. Rg1 Qh5 29. Qc3 Ne2 30. Qc6 Qf3+ 31. Rg2 Nf4 32. Rag1 Rac8 33. Qd7 Nxg2 34. Qxe6+ Kh8 35. Rxg2 Rc2 36. Qe7 Rf7 37. Qd8+ Kh7 38. Qh4 Re2 39. h3 Rxf2 40. Qxf2 Qxf2 41. Rxf2 Rxf2 42. d5 Kg8 43. a4 Kf7 44. d6 Rb2 45. Nd4 Rxb4 46. Nc6 Rb1+ 47. Kg2 Ke6 48. Nxa7 Kxd6 49. Nb5+ Ke5 50. Kf2 Kf4 51. Nc3 Ra1 52. Nd5+ Ke5 53. Nc3 Ra3 0-1